|
|
|
|
| LEADER |
00000nam a2200000 a 4500 |
| 001 |
vtls010567414 |
| 003 |
SK-MaSNL |
| 005 |
20260301090326.0 |
| 008 |
240315s2013 xo oa f n 000 0 slo |
| 015 |
|
|
|a SNBA2014/01
|
| 020 |
|
|
|a 9788089439393
|q (brož.)
|
| 040 |
|
|
|a SNK
|b slo
|c SNK
|e AACR2
|
| 041 |
0 |
|
|a slo
|
| 044 |
|
|
|a xo
|c SK
|
| 072 |
|
7 |
|a 793.3
|x Pohybové umenie. Tanec
|2 konspekt
|
| 080 |
|
|
|a 793.3
|2 2001
|
| 080 |
|
|
|a 793.3:37.016
|2 2001
|
| 080 |
|
|
|a (048.8)
|2 2001
|
| 080 |
|
|
|a 159.9.016.1
|2 2001
|
| 100 |
1 |
|
|a Poláková, Marta,
|d 1963-
|4 aut
|9 417927
|
| 245 |
1 |
0 |
|a Dynamické telo
|n 1. časť
|p Súčasný prístup k pohybu
|c Marta Poláková
|
| 246 |
3 |
0 |
|a Súčasný prístup k pohybu
|
| 250 |
|
|
|a 1. vyd.
|
| 260 |
|
|
|a Bratislava
|b Vysoká škola múzických umení
|c 2013
|
| 300 |
|
|
|a 117 s.
|b fotogr., sch., tab.
|c 21 cm
|
| 366 |
|
|
|e 300 výt.
|
| 504 |
|
|
|a Bibliogr.: s. 115-116
|
| 650 |
0 |
7 |
|a tanec
|2 SNKPH
|9 743
|
| 650 |
0 |
7 |
|a pohybové umenie
|2 SNKPH
|9 51538
|
| 650 |
0 |
7 |
|a Dance
|2 SNKPHeng
|9 302924
|
| 650 |
0 |
7 |
|a Movement art
|2 SNKPHeng
|9 302925
|
| 650 |
0 |
7 |
|a tanečná improvizácia
|2 SNKPH
|9 166935
|
| 650 |
0 |
7 |
|a Improvisation in dance
|2 SNKPHeng
|9 166936
|
| 650 |
0 |
7 |
|a Dance education
|2 SNKPHeng
|9 302928
|
| 650 |
0 |
7 |
|a telo a myseľ
|2 SNKPH
|9 74630
|
| 650 |
0 |
7 |
|a Body and mind
|2 SNKPHeng
|9 182705
|
| 650 |
0 |
7 |
|a tanečná výchova
|2 SNKPH
|9 76139
|
| 655 |
|
7 |
|a monografie
|2 SNKPH
|9 70139
|
| 655 |
|
7 |
|a Monographs
|2 SNKPHeng
|9 120675
|
| 852 |
|
|
|a Akadémia umení v Banskej Bystrici
|
| 919 |
|
|
|a 978-80-89439-39-3
|
| 958 |
|
|
|a NB
|
| 999 |
|
|
|c 667921
|d 669851
|
| 952 |
|
|
|a SNK
|b SNK
|y PREZ
|7 0
|p 17A1101554
|o snkSD 82775/1
|i snk2014/256
|8 0
|0 0
|1 0
|4 0
|d 2014-01-07
|l 0
|r 2025-12-04 00:00:00
|w 2026-02-23
|
| 952 |
|
|
|a SNK
|b SNK
|y VYP
|7 0
|p 17A1101555
|o snkSD 82775/1 D1
|i snk2014/257
|8 0
|0 0
|1 0
|4 0
|d 2014-01-07
|l 0
|r 2017-06-30 00:00:00
|w 2026-02-23
|
| 952 |
|
|
|t snkPOL 793.3
|a SNKUST
|b SNKUST
|y PREZ
|7 0
|p 17A1102258
|o snkSD 82775/1 D2
|i snk2014/1753
|8 0
|0 0
|1 0
|4 0
|d 2014-01-20
|l 0
|r 2025-05-28 00:00:00
|w 2026-02-23
|